1254 1554 1862 1831 1324 1729 1928 1426 1480 1576 1143 1205 1690 1699 1991 1867 1606 1316 1682 1463 1114 1189 1851 1315 1843 1575 1319 1067 1711 1803 1584 1947 1090 1658 1409 1778 1312 1565 1581 1493 1772 1410 1849 1099 1244 1261 1572 1018 1471 1434 1798 1404 1177 1272 1850 1181 1834 1713 1069 1241 1715 1141 1711 1949 1837 1062 1595 1745 1435 1531 1783 1906 1304 1298 1430 1686 1042 1431 1988 1936 1763 1459 1464 1130 1220 1183 1374 1620 1707 1051 1458 1280 1565 1254 1091 1377 1188 1211 1039 BCNSPRNW ULIB Ver.6.0+V

เปลี่ยนเป็นภาษาไทย

Change to English
 แสดงรายละเอียดบรรณานุกรม
  กลับหน้าหลัก

Brief Record : Get Marc (ISO 2709) : E-mail record : QR code < ปิดหน้าต่าง
LEADER : 00000nam 2200000uu 4500
001    13399125668
003     ULIB
008    170713s2558||||th 000 0 tha d
020    ^a9786165071000
060 04 ^aWL346^bส984อ
100 0  ^aโสภา พิชัยยงค์วงศ์ดี
245 10 ^aออกกำลังกายพิชิตอัมพาตครึ่งซีก /^cโสภา พิชัยยงค์วงศ์ดี
250    ^aพิมพ์ครั้งที่ 1
260    ^aกรุงเทพฯ :^bหมอชาวบ้าน,^c2558.
300    ^a128 หน้า :^bภาพประกอบ ;^c21 ซม.
650  4 ^aอัมพาตครึ่งซีก
650  4 ^aอัมพาตครึ่งซีก^xการรักษาด้วยการออกกำลังกาย
650  4 ^aกายภาพบำบัด
945    ^p130^l0^i25250
999    ^aกัณชพร จุลอักษร
รายการนี้ยังไม่มีแท็ก
คุณยังไม่ได้ล็อกอิน คุณสามารถมีกิจกรรมร่วมกับเว็บไซต์ได้ แต่ต้องล็อกอินก่อน ::
  ล็อกอิน

รายการสื่อสารสนเทศ

ลำดับที่ ประเภท เลขเรียก/บาร์โค้ด สถานที่ สถานะ
1. วิทยาศาสตร์การแพทย์ และสุขภาพ
วิทยาศาสตร์การแพทย์ และสุขภาพ
สถานะ=หนังสือเก่า
WL346 ส984อ ฉ.1 
  Barcode: 25250
ห้องสมุดวิทยาเขตนครสวรรค์
►ส่วนจัดเก็บหนังสือเก่า นว.
บนชั้น
  ขอยืม

รายการใกล้เคียง
    ผู้แต่ง [โสภา พิชัยยงค์วงศ์ดี]

    หัวเรื่อง [อัมพาตครึ่งซีก]
    หัวเรื่อง [กายภาพบำบัด]

BibComment


ยังไม่เคยถูกคอมเมนท์

คอมเมนท์ทรัพยากรรายการนี้
  คอมเมนท์: ออกกำลังกายพิชิต..


 Copyright 2026. Bcnsprnw @Library